000 00684nam a2200217Ia 4500
005 20250508165253.0
008 008 250505s9999 xx 000 0 eng d
020 _a978-81-315-0846-6
037 _aTextBook
040 _aFEDL
_beng
_cFEDL
041 _aeng
_2eng
084 _a370.114, GOL/R
_qFEDL
100 _aGoldstein Pebecca A Ed.
_9780348
245 0 _aUseful theory: Making critical educaiton practical
260 _aNew York, USA
_bPeter Lang Publishing, Inc.
_c2007
300 _aviii, 243p.
365 _aUSD
_b32.95
490 _aStudies in the Postmodern Theory of Educaion, Vol. 235
942 _cTB
_h370.114, GOL/R
999 _c1394161
_d1394161